Collins Medical dictionary and health guide / (Record no. 172162)

MARC details
000 -LEADER
fixed length control field 00715nam a22002177a 4500
003 - CONTROL NUMBER IDENTIFIER
control field OSt
005 - DATE AND TIME OF LATEST TRANSACTION
control field 20250705113115.0
008 - FIXED-LENGTH DATA ELEMENTS--GENERAL INFORMATION
fixed length control field 250705b |||||||| |||| 00| 0 eng d
020 ## - INTERNATIONAL STANDARD BOOK NUMBER
International Standard Book Number 9780060725624 (paperback)
040 ## - CATALOGING SOURCE
Original cataloging agency NUST
Language of cataloging eng
Transcribing agency NUST
Modifying agency NUST
Description conventions rda
050 ## - LIBRARY OF CONGRESS CALL NUMBER
Classification number R121 BUR
100 ## - MAIN ENTRY--PERSONAL NAME
Personal name Burns, Edward R
Relator term Author
245 ## - TITLE STATEMENT
Title Collins Medical dictionary and health guide /
Statement of responsibility, etc. Edward R. Burns
260 ## - PUBLICATION, DISTRIBUTION, ETC.
Place of publication, distribution, etc. New York :
Name of publisher, distributor, etc. Harpertorch,
Date of publication, distribution, etc. ©2006.
300 ## - PHYSICAL DESCRIPTION
Extent 524 pages :
Other physical details Illustrations ;
Dimensions 18 cm.
336 ## - CONTENT TYPE
Source rdamedia
Content type term text
Content type code txt
337 ## - MEDIA TYPE
Source rdamedia
Media type term unmediated
Media type code n
338 ## - CARRIER TYPE
Source rdamedia
Carrier type term volume
Carrier type code nc
650 ## - SUBJECT ADDED ENTRY--TOPICAL TERM
Form subdivision MEDICAL Dictionaries & Terminology.
942 ## - ADDED ENTRY ELEMENTS (KOHA)
Source of classification or shelving scheme Library of Congress Classification
Koha item type Ordinary Loan Books
Classification part R121 BUR
Call number prefix R
Call number suffix BUR
Suppress in OPAC No
Holdings
Withdrawn status Lost status Source of classification or shelving scheme Damaged status Not for loan Collection Home library Current library Shelving location Date acquired Source of acquisition Cost, normal purchase price Total Checkouts Full call number Barcode Date last seen Accession number Cost, replacement price Price effective from Koha item type Public note
    LCC     NFIC MEDICAL MEDICAL GEN 07/05/2025 Book Aid International 25.00   R121 BUR 92004055241 07/05/2025 61007 25.00 07/05/2025 BOOKS Donation